„Consumer education in Slovakia: 15 years history open the doors to the future“
Gespeichert in:
| 1. Verfasser: | |
|---|---|
| Weitere Verfasser: | |
| Format: | Buchkapitel |
| Sprache: | Englisch |
| Tags: |
Keine Tags, Fügen Sie das erste Tag hinzu!
|
MARC
| LEADER | 00000nla$a2200000$$$4500 | ||
|---|---|---|---|
| 001 | 0146475 | ||
| 005 | 20240502083337.7 | ||
| 041 | 0 | |a eng | |
| 044 | |a AT | ||
| 245 | 1 | 0 | |a „Consumer education in Slovakia: 15 years history open the doors to the future“ |c Pavel Hraško, Jarmila Tkáčiková |
| 500 | |a Prezentácia | ||
| 100 | 1 | |a Hraško, Pavel | |
| 700 | 1 | |a Tkáčiková, Jarmila | |